El color es la luz (Record no. 17627)

MARC details
000 -LEADER
campo de control de longitud fija 00861nam a2200241 i 4500
001 - NÚMERO DE CONTROL
campo de control 17627
003 - IDENTIFICADOR DE NÚMERO DE CONTROL
campo de control ES-MaACL
005 - FECHA Y HORA DE LA ÚLTIMA TRANSACCIÓN
campo de control 20251003063035.0
007 - CAMPO FIJO DE DESCRIPCIÓN FÍSICA--INFORMACIÓN GENERAL
campo de control de longitud fija t|
008 - DATOS DE LONGITUD FIJA--INFORMACIÓN GENERAL
campo de control de longitud fija 010410s2001 sp ||||1| spa d
020 ## - NÚMERO INTERNACIONAL ESTÁNDAR DEL LIBRO
Número Internacional Estándar del Libro 84-930430-6-0
080 ## - NÚMERO DE LA CLASIFICACIÓN DECIMAL UNIVERSAL
Número de la Clasificación Decimal Universal 75 Vicente, Esteban (064.3)
100 0# - ENTRADA PRINCIPAL--NOMBRE DE PERSONA
Nombre de persona Vicente, Esteban,
Fechas asociadas al nombre 1903-2001
9 (RLIN) 114332
245 13 - MENCIÓN DEL TÍTULO
Título El color es la luz
Resto del título : Esteban Vicente 1999-2000 : Segovia, del 9 de febrero al 15 de abril de 2001.
260 ## - PUBLICACIÓN, DISTRIBUCIÓN, ETC.
Lugar de publicación, distribución, etc. Segovia :
Nombre del editor, distribuidor, etc. Museo de Arte Contemporáneo Esteban Vicente,
Fecha de publicación, distribución, etc. 2001.
300 ## - DESCRIPCIÓN FÍSICA
Extensión 183 p. :
Otras características físicas il. ;
Dimensiones 23 cm.
600 04 - PUNTO DE ACCESO ADICIONAL DE MATERIA--NOMBRE DE PERSONA
Nombre de persona Vicente, Esteban,
Fechas asociadas al nombre 1903-2001-
Subdivisión de forma Exposiciones
9 (RLIN) 114333
655 #7 - TERMINO DE INDIZACIÓN--GENERO/FORMA
Fuente del término tgfbne
9 (RLIN) 193628
Datos o término principal de género/forma Catálogos de exposiciones
710 2# - ENTRADA AGREGADA--NOMBRE DE ENTIDAD CORPORATIVA
Nombre de entidad corporativa o nombre de jurisdicción como elemento de entrada Museo de Arte Contemporáneo Esteban Vicente.
9 (RLIN) 5837
852 ## - LOCALIZACIÓN
Ubicación ES-MaACL
Número de control de estantería L-24517
Sublocalización o colección R.129827
942 ## - ELEMENTOS DE ENTRADA SECUNDARIOS (KOHA)
Fuente del sistema de clasificación o colocación Clasificación decimal universal
Holdings
Estatus retirado Estado de pérdida Estado de daño No para préstamo Biblioteca de origen Biblioteca actual Ubicación en estantería Fecha de adquisición Fuente de adquisición Total de préstamos Signatura topográfica completa Código de barras Visto por última vez Precio de reemplazo Tipo de ítem Koha
        Biblioteca del Ateneo de Madrid Biblioteca del Ateneo de Madrid Depósito 2 17/01/2008     L-24517 1017982 23/02/2023 23/02/2023 Libro impreso